Loading...
| Fine Arts - Painting and Sculpture | 0 | 9 | 0 | 1 | 90 | 57 | 86.56 | 0 | 6 | 25.67 | 53.41 |
| Fine Arts - Classical Music | 0 | 9 | 1 | 2 | 85 | 19 | 72.44 | 2 | 7 | 34.85 | 62.50 |
| Literature - American | 0 | 7 | 1 | 1 | 65 | 83 | 111.14 | 0 | 1 | 12.18 | 27.27 |
| Fine Arts - Other | 0 | 5 | 0 | 1 | 50 | 66 | 92.60 | 0 | 2 | 13.28 | 28.41 |
| Literature - World | 0 | 5 | 1 | 1 | 45 | 88 | 117.40 | 0 | 0 | 6.45 | 19.32 |
| Literature - European | 0 | 4 | 0 | 0 | 40 | 118 | 132.25 | 0 | 1 | 3.45 | 18.18 |
| History - American | 0 | 4 | 0 | 0 | 40 | 14 | 34.25 | 4 | 4 | 26.20 | 36.36 |
| Science - Physics | 0 | 4 | 1 | 3 | 35 | 7 | 92.75 | 1 | 2 | 9.14 | 17.05 |
| Science - Chemistry | 0 | 4 | 1 | 1 | 35 | 71 | 81.75 | 2 | 3 | 11.71 | 27.27 |
| Literature - British | 0 | 3 | 0 | 0 | 30 | 47 | 94.67 | 0 | 2 | 9.40 | 15.91 |
| Religion | 0 | 3 | 1 | 0 | 25 | 68 | 89.00 | 0 | 1 | 7.09 | 14.77 |
| Mythology | 0 | 3 | 1 | 1 | 25 | 88 | 104.67 | 0 | 1 | 4.92 | 7.95 |
| Social Science | 0 | 2 | 0 | 1 | 20 | 102 | 105.50 | 0 | 0 | 1.05 | 6.82 |
| Geography | 0 | 2 | 0 | 0 | 20 | 60 | 77.00 | 0 | 0 | 25.89 | 41.67 |
| Philosophy | 0 | 2 | 0 | 2 | 20 | 110 | 110.50 | 0 | 0 | 0.00 | 3.41 |
| Science - Biology | 0 | 1 | 0 | 0 | 10 | 71 | 71.00 | 1 | 1 | 3.11 | 9.09 |
| Other Academic | 0 | 1 | 0 | 0 | 10 | 89 | 89.00 | 0 | 0 | 8.19 | 16.67 |
| Current Events | 0 | 1 | 0 | 0 | 10 | 67 | 67.00 | 0 | 0 | 23.83 | 25.00 |
| Science - Other | 0 | 1 | 2 | 0 | 0 | 85 | 85.00 | 0 | 0 | 2.70 | 5.68 |